Notas biográficas /

Bibliographic Details
Main Author: Güiraldes, Ricardo, 1886-1927
Format: Electronic eBook
Language:Spanish
Published: Barcelona : www.Linkgua.com, 2011.
Series:Memoria. (Linkgua Ediciones)
Subjects:
Online Access:Digitalia Hispánica

MARC

LEADER 00000nam a2200000Ii 4500
001 DIGLINK00758
003 NyNyDIG
006 m o d
007 cr |||||||||||
008 140301s2011 sp o 000 0 spa d
020 |a 9788499533612  |q (eBook) 
020 |z 9788498165791 
040 |a DGITA  |b eng  |e pn  |c DGITA 
050 1 4 |a PQ7797.G75 eBook 
100 1 |a Güiraldes, Ricardo,  |d 1886-1927. 
245 1 0 |a Notas biográficas /  |c Ricardo Guiraldes. 
264 1 |a Barcelona :  |b www.Linkgua.com,  |c 2011.  
300 |a 1 online resource (21 pages) 
336 |a text  |b txt  |2 rdacontent 
337 |a computer  |b c  |2 rdamedia 
338 |a online resource  |b cr  |2 rdacarrier 
490 1 |a Memoria.  
655 0 |a Electronic books. 
791 2 |a Digitalia (Firm),  |e distributor. 
830 0 |a Memoria. (Linkgua Ediciones) 
793 0 |g Digitalia eBook Collection:  |a Linkgua. 
856 4 0 |3 Digitalia Hispánica  |u https://www.digitaliapublishing.com/a/16618/ 
910 |a Premium Collection: 2007-2012